000 00228nam a22001097a 4500
003 OSt
008 231127b |||||||| |||| 00| 0 eng d
041 _aeng
100 _aAyyar
_95728
245 _aMannual of Zoology /
942 _cBK
999 _c18060
_d18060